[Event "Pan American-ch School U13 12th"]
[Site "Callao"]
[Date "2023.10.17"]
[Round "4"]
[White "Ccana Minauro, Wernher Sebastian"]
[Black "Jimenez Espinola, Herles Hazael"]
[Result "1/2-1/2"]
[WhiteElo "1510"]
[BlackElo "1319"]
[PlyCount "64"]
[EventDate "2023.10.16"]
[EventType "swiss"]
[EventRounds "9"]
[EventCountry "PER"]
[SourceTitle "Mega2024 Update 01"]
[Source "Chessbase"]
[SourceDate "2023.11.12"]
[SourceVersion "1"]
[SourceVersionDate "2023.11.12"]
[SourceQuality "1"]

1. e4 c5 2. Nf3 Nc6 3. d4 cxd4 4. Nxd4 Nf6 5. f3 d6 6. c4 g6 7. Nc3 Bg7 8. Be3 0-0 9. Be2 Bd7 10. 0-0 a6 11. Qd2 Rc8 12. Rab1 Ne5 13. b3 Qc7 14. Rfc1 Qb8 15. Nd5 Nxd5 16. cxd5 Rfd8 17. b4 b5 18. Nb3 Nc4 19. Bxc4 bxc4 20. Nd4 Rc7 21. Ne2 Rdc8 22. Nc3 Rb7 23. a3 a5 24. Ne2 c3 25. Nxc3 axb4 26. Rxb4 Rxb4 27. axb4 Qxb4 28. Ne2 Rxc1+ 29. Qxc1 Qb2 30. Qxb2 Bxb2 31. Nd4 e5 32. Nb3 Bc3 1/2-1/2